000
00238nam a22001097a 4500
082
_a
823/AMI
100
_a
Amish
245
_a
The Chola Tigers
_b
Avengers Of Somnath
260
_a
Haryana
_b
Harper
_c
2025
650
_a
Fiction
942
_c
BK
999
_c
68683
_d
68683